Exportwege neu - Arbeitsbuch 3 Wirtschaftsdeutsch

Saved in:
Bibliographic Details
Main Author: Volgnandt, Gabriele
Other Authors: Volgnandt, Dieter
Format: Book
Language:German
Published: [Leipzig] SCHUBERT-Verlag 2010
Edition:1. Auflage
Subjects:
Tags: Add Tag
No Tags, Be the first to tag this record!

MARC

LEADER 00000nam a2200000 4500
001 0191314
005 20240229075321.9
020 |a 978-3-941323-05-6 
041 0 |a ger 
044 |a DE 
245 1 0 |a Exportwege neu - Arbeitsbuch 3  |b Wirtschaftsdeutsch  |c Gabriele Volgnandt, Dieter Volgnandt 
250 |a 1. Auflage 
264 1 |a [Leipzig]  |b SCHUBERT-Verlag  |c 2010 
300 |a 150 s. 
610 2 0 |a jazykoveda 
610 2 0 |a terminológia 
610 2 0 |a jazyky cudzie 
610 2 0 |a nemčina 
610 2 0 |a politika hospodárska 
100 1 |a Volgnandt, Gabriele 
700 1 |a Volgnandt, Dieter